000 01395nam a2200193Ia 4500
003 Ost
005 20260507075803.0
008 260507s9999||||xx |||||||||||||| ||und||
040 _cfsecg
041 _aara
082 _a658.015
100 _aطه، طارق
_eمؤلف
245 0 _aالسلوك التنظيمي في بيئة العولمة و الانترنت /
_c طارق طه
260 _aالاسكندرية:
_bالجامعة الجديدة,
_c2007
300 _a609 صفحة؛
_bإيضاحات ؛
_c24 سم
520 _aيتناول الكتاب اساسيات علم السلوك التنظيمي ، النظام الاجتماعي و الثقافة و البيئة التنظيمية ، سلوك الافراد و الجماهات و المنظمات في بيئة العولمة و الانترنت، قيادة العاملين و السلوك القيادي ، النظريات المعاصرة و المشاركة و المساندة ، الدافعية و نظم المكافأت و تعديل السلوك التنظيمي ، الرقابة على الاداء التنظيمي ، تنظيم الافراد و الانشطة داخل بيئة العمل ، التصميمات التنظيمية ، ادارة التغيير التنظيمي و الضغوط على الافراد داخل بيئة العمل.
653 _aالسلوك الإداري
942 _cكتاب
999 _c46334
_d46334